000 01175cam a2200277 a 4500
999 _c332404
_d332404
001 2031420
003 NUST
005 20171204094823.0
008 920427s1992 flua b 001 0 eng
010 _a 92016369
020 _a0873717473 (acidfree paper)
040 _aDLC
_cDLC
_dDLC
050 0 0 _aTD426
_b.M62 1992
082 0 0 _a628.55 GHA
_220
245 0 0 _aModeling chemical transport in soils :
_bnatural and applied contaminants /
_cEdited by Hossein Ghadiri, Calvin W. Rose.
260 _aBoca Raton, FL :
_bLewis Publishers,
_c1992.
300 _a217 p. :
_bill. ;
_c25 cm.
500 _aH.B
504 _aIncludes bibliographical references and index.
650 0 _aGroundwater
_xPollution
_xMathematical models.
_96045
650 0 _aGroundwater flow
_xMathematical models.
_92319
700 1 _aGhadiri, Hossein.
_96890
700 1 _aRose, C. W.
_96891
856 4 2 _3Publisher description
_uhttp://www.loc.gov/catdir/enhancements/fy0744/92016369-d.html
906 _a7
_bcbc
_corignew
_d1
_eocip
_f19
_gy-gencatlg
942 _2ddc
_cBK
_kIESE